Normal view
MARC view
Entry Topical Term
001 - CONTROL NUMBER
- control field: 60157
003 - CONTROL NUMBER IDENTIFIER
- control field: OSt
005 - DATE AND TIME OF LATEST TRANSACTION
- control field: 20260421161218.0
008 - FIXED-LENGTH DATA ELEMENTS
- fixed length control field: 260421|| aca||aabn | a|a d
040 ## - CATALOGING SOURCE
- Original cataloging agency: OSt
- Transcribing agency: OSt
150 ## - HEADING--TOPICAL TERM
- Topical term or geographic name entry element: International trade, Trade liberalization, Globalization, Free trade area, Autoregressive distributed lag (ARDL) Economic growth.
670 ## - SOURCE DATA FOUND
- Source citation: Work cat.: (OSt): Utouh, Harold M. L. 60156, The dynamics of trade liberalization, export performance, and economic growth in Tanzania: A time series analysis 1980–2020
